000 00872nam a2200229Ia 4500
001 8621
003 GE_BSU
008 181216s||||||||xx |||||||||||||| ||und||
040 _cGE_BSU
080 _a82–93
100 _aთავდიშვილი, როზა
245 _aხატაურას წერილი მეგობრებს.
245 _bმოთხრობები უმცრ. სასკოლო ასაკის ბავშვთათვის.
245 _cრედ.:ნ. ჩირაძე; მხატვ.:სპ. ცინცაძე.
260 _aთბილისი.
260 _bნაკადული
260 _c1987
300 _a31 გვ; 20 სმ.
653 _aმოთხრობები
653 _aხატაურას წერილი მეგობრებს.
942 _cBK
999 _c41937
_d41937